000
00254nam a2200109Ia 4500
008
240625s9999 xx 000 0 und d
041
_a
eng
082
_a
519.5 SHA
100
_a
SHARMA SUBHASH
245
_a
APPLIED MULTIVARIATE TECHNIQUES
260
_c
1996
999
_c
35209
_d
35209